|
|
|
|
| LEADER |
00649nab a2200181 i 4500 |
| 001 |
tisza16892 |
| 005 |
20200330155242.0 |
| 008 |
170719s1998 hu o 0|| hun d |
| 022 |
|
|
|a 0133-1167
|
| 040 |
|
|
|a SZTE Tiszatáj Archívum
|b hun
|
| 041 |
|
|
|a hun
|
| 100 |
1 |
|
|a Monostori Imre
|
| 245 |
1 |
0 |
|a "Visszaadni a szavak értelmét"
|h [elektronikus dokumentum] :
|b Görömbei András tanulmányai : [könyvismertetés] /
|c Monostori Imre
|
| 260 |
|
|
|c 1998
|
| 300 |
|
|
|a 107-112
|
| 490 |
0 |
|
|a Tiszatáj
|v 52 No. 7
|
| 695 |
|
|
|a Magyar irodalom - könyvismertetés
|
| 856 |
4 |
0 |
|u http://tiszataj.bibl.u-szeged.hu/16892/1/tiszataj_1998_007_107-112.pdf
|z Dokumentum-elérés
|